[Event "NAYCC U16"]
[Site "Kingston CAN"]
[Date "2019.08.17"]
[Round "4.166"]
[White "Ning, Alwin"]
[Black "Maycock Bates, David Henry"]
[Result "0-1"]
[WhiteElo "1476"]
[BlackElo "1851"]
[PlyCount "66"]
[EventDate "2019.08.16"]
[EventType "swiss"]
[EventRounds "9"]
[EventCountry "CAN"]

1. e4 e5 2. Nf3 Nc6 3. Bc4 Bc5 4. d3 Nf6 5. Bg5 h6 6. Bh4 a6 7. a3 d6 8. h3 Be6
9. Ba2 Qe7 10. Nc3 g5 11. Bg3 O-O-O 12. Qd2 Bxa2 13. Nxa2 d5 14. exd5 Nxd5 15.
O-O-O Bxa3 16. bxa3 Qxa3+ 17. Kb1 Ncb4 18. Nxb4 Nc3+ 19. Qxc3 Qxc3 20. Na2 Qa3
21. Bxe5 Rhe8 22. Bb2 Qc5 23. d4 Qf5 24. Rhe1 g4 25. hxg4 Qxg4 26. Rg1 Re2 27.
Rdf1 Qf5 28. Nb4 c5 29. Nd3 c4 30. Nde1 Qa5 31. c3 Qa4 32. d5 Qd1+ 33. Ka2 Qb3+
0-1

[Event "NAYCC U16"]
[Site "Kingston CAN"]
[Date "2019.08.17"]
[Round "4.167"]
[White "Du, Daniel"]
[Black "Bilodeau-Savaria, Carl-William"]
[Result "1-0"]
[WhiteElo "1696"]
[BlackElo "1447"]
[PlyCount "133"]
[EventDate "2019.08.16"]
[EventType "swiss"]
[EventRounds "9"]
[EventCountry "CAN"]

1. c4 Nf6 2. g3 c5 3. Bg2 e5 4. Nc3 d6 5. d3 Be7 6. Nf3 O-O 7. O-O Nc6 8. a3
Rb8 9. Rb1 b6 10. Bg5 Bb7 11. Bxf6 Bxf6 12. Nd5 g6 13. b4 Bg7 14. bxc5 dxc5 15.
Nd2 Ne7 16. Nxe7+ Qxe7 17. Bxb7 Rxb7 18. Ne4 Rd8 19. Nc3 Qe6 20. Nd5 e4 21. Re1
f5 22. Qc2 Rdd7 23. a4 Kf7 24. Qb3 Bd4 25. e3 Bf6 26. Nf4 Qc6 27. Red1 Kg7 28.
Qb5 Qxb5 29. axb5 exd3 30. Rxd3 Rxd3 31. Nxd3 Bc3 32. Nf4 Rd7 33. Nd5 Be5 34.
f4 Bf6 35. Rb3 h6 36. h3 Kf7 37. Kf2 g5 38. Kf3 gxf4 39. Nxf4 Be5 40. Rd3 Re7
41. Rd5 Kf6 42. Nd3 Bc7 43. Ne1 h5 44. Ng2 Rg7 45. Nf4 Bxf4 46. Kxf4 Kg6 47.
Rxf5 Rd7 48. Rd5 Rf7+ 49. Ke4 Re7+ 50. Kd3 Rg7 51. Ke2 Kh6 52. Kf3 Rf7+ 53. Kg2
Re7 54. Rd3 Re4 55. Rc3 Kg5 56. Kf3 Kf5 57. Rc2 Re7 58. g4+ hxg4+ 59. hxg4+ Ke5
60. Rg2 Rf7+ 61. Ke2 Ke4 62. g5 Rg7 63. g6 Kf5 64. Kf3 Rxg6 65. Rxg6 Kxg6 66.
Ke4 Kf6 67. Kd5 1-0

[Event "NAYCC U16"]
[Site "Kingston CAN"]
[Date "????.??.??"]
[Round "4.168"]
[White "Yang, Brian"]
[Black "Kochetkov, Maxim"]
[Result "1-0"]
[WhiteElo "1626"]
[BlackElo "1416"]
[PlyCount "61"]
[EventDate "2019.08.16"]
[EventType "swiss"]
[EventRounds "9"]
[EventCountry "CAN"]

1. e4 c5 2. Nf3 d6 3. d4 cxd4 4. Nxd4 Nf6 5. Nc3 a6 6. Be3 e6 7. f3 Be7 8. Qd2
Bd7 9. O-O-O Nc6 10. g4 O-O 11. h4 Rc8 12. h5 Ne5 13. g5 Ne8 14. Be2 b5 15. f4
Nc4 16. Bxc4 Rxc4 17. g6 Nf6 18. h6 fxg6 19. hxg7 Rf7 20. e5 dxe5 21. fxe5 Ng4
22. Ne4 Nxe5 23. Qh2 Rxg7 24. Qxe5 Qc8 25. Bh6 Rf7 26. Rhf1 Qe8 27. Rf4 Bf8 28.
Bxf8 Kxf8 29. Rdf1 Rxf4 30. Rxf4+ Ke7 31. Qf6# 1-0

[Event "NAYCC U16"]
[Site "Kingston CAN"]
[Date "2019.08.17"]
[Round "4.169"]
[White "Wang, Elon"]
[Black "Cao, Bruce"]
[Result "1-0"]
[WhiteElo "1601"]
[BlackElo "1359"]
[PlyCount "97"]
[EventDate "2019.08.16"]
[EventType "swiss"]
[EventRounds "9"]
[EventCountry "CAN"]

1. e4 c5 2. Nf3 d6 3. Bb5+ Bd7 4. Bxd7+ Qxd7 5. O-O Nc6 6. c4 g6 7. d4 cxd4 8.
Nxd4 Bg7 9. Be3 Nf6 10. f3 O-O 11. Nc3 Rfc8 12. b3 Nxd4 13. Bxd4 e6 14. Qd2 d5
15. exd5 exd5 16. Nxd5 Nxd5 17. Bxg7 Kxg7 18. Rad1 Rd8 19. Qb2+ f6 20. Rxd5 Qe6
21. Qd4 Rxd5 22. cxd5 Qd6 23. Rd1 b6 24. Qa4 a5 25. Qc6 Rd8 26. Qxd6 Rxd6 27.
Kf2 g5 28. Ke3 f5 29. Kd4 Kf6 30. Rc1 b5 31. Rc6 Ke7 32. Rxd6 Kxd6 33. g4 f4
34. a3 h6 35. h3 b4 36. a4 Kd7 37. Kc5 Kc7 38. d6+ Kd7 39. Kd5 Kd8 40. Kc6 Kc8
41. Kb6 Kd7 42. Kxa5 Kxd6 43. Kb6 Ke5 44. a5 Kd4 45. a6 Ke3 46. a7 Kxf3 47.
a8=Q+ Ke3 48. Qg2 Kd3 49. Qf3+ 1-0

[Event "NAYCC U16"]
[Site "Kingston CAN"]
[Date "2019.08.17"]
[Round "4.170"]
[White "Jeyakumar, Yathushan"]
[Black "Mart, Aidan"]
[Result "1/2-1/2"]
[WhiteElo "1442"]
[BlackElo "1247"]
[PlyCount "36"]
[EventDate "2019.08.16"]
[EventType "swiss"]
[EventRounds "9"]
[EventCountry "CAN"]

1. e4 e5 2. Nf3 Nc6 3. Bb5 Nf6 4. d3 d6 5. h3 Bd7 6. c3 a6 7. Ba4 Be7 8. O-O
O-O 9. Re1 Na5 10. Bc2 Be6 11. d4 exd4 12. cxd4 c5 13. d5 Bd7 14. Nc3 b6 15. e5
dxe5 16. d6 Bxd6 17. Qxd6 Re8 18. Nxe5 Nc4 1/2-1/2

[Event "NAYCC U16"]
[Site "Kingston CAN"]
[Date "2019.08.17"]
[Round "4.171"]
[White "Pride, Curtis"]
[Black "Lam, Eric"]
[Result "0-1"]
[WhiteElo "1163"]
[BlackElo "1093"]
[PlyCount "48"]
[EventDate "2019.08.16"]
[EventType "swiss"]
[EventRounds "9"]
[EventCountry "CAN"]

1. e4 c6 2. d4 d5 3. exd5 cxd5 4. Nc3 Bf5 5. Nf3 e6 6. Bf4 Bd6 7. Bb5+ Nc6 8.
Be5 f6 9. Bxd6 Qxd6 10. Nh4 Bg6 11. Na4 a6 12. Bxc6+ Qxc6 13. b3 Ne7 14. Rc1
Rc8 15. c3 Nf5 16. Nxf5 Bxf5 17. g4 Bg6 18. O-O h5 19. f3 hxg4 20. fxg4 Qd6 21.
Rc2 Be4 22. Re2 Rxh2 23. Rxh2 Qg3+ 24. Rg2 Qxg2# 0-1

[Event "NAYCC U16"]
[Site "Kingston CAN"]
[Date "2019.08.17"]
[Round "4.172"]
[White "Vigil, Enrique"]
[Black "Wang, Collin"]
[Result "1-0"]
[WhiteElo "1003"]
[BlackElo "1229"]
[PlyCount "33"]
[EventDate "2019.08.16"]
[EventType "swiss"]
[EventRounds "9"]
[EventCountry "CAN"]

1. e4 e5 2. f4 Nc6 3. Bc4 Nf6 4. Nc3 Bb4 5. Nf3 d6 6. fxe5 dxe5 7. O-O Bg4 8.
d3 Nd4 9. Bxf7+ Kf8 10. Bd5 c6 11. Nxd4 exd4 12. Qxg4 dxc3 13. Bb3 Qd4+ 14. Kh1
cxb2 15. Qe6 Qd5 16. Rxf6+ gxf6 17. Bh6# 1-0

[Event "NAYCC U16"]
[Site "Kingston CAN"]
[Date "2019.08.18"]
[Round "5.154"]
[White "Rodrigue-Lemieux, Shawn"]
[Black "Talukdar, Rohan"]
[Result "0-1"]
[WhiteElo "2199"]
[BlackElo "2399"]
[PlyCount "144"]
[EventDate "2019.08.16"]
[EventType "swiss"]
[EventRounds "9"]
[EventCountry "CAN"]

1. a3 g6 2. Nf3 Bg7 3. d4 Nf6 4. e3 O-O 5. Be2 d6 6. O-O Nbd7 7. c4 e5 8. Nc3
b6 9. Qc2 Re8 10. dxe5 dxe5 11. Rd1 e4 12. Nd4 Bb7 13. b4 Qe7 14. Bb2 Ne5 15.
Rac1 Rad8 16. Nd5 Nxd5 17. cxd5 Bxd5 18. Qxc7 Qg5 19. g3 Nf3+ 20. Bxf3 exf3 21.
Qf4 Qe7 22. Ba1 Be5 23. Qh6 Be4 24. Qh3 h5 25. Qf1 Qf6 26. b5 h4 27. Nc6 Rxd1
28. Rxd1 Bxa1 29. Rxa1 Bxc6 30. bxc6 Qxc6 31. Rc1 Qa4 32. gxh4 Qxh4 33. Kh1 Qa4
34. Qc4 Qxa3 35. Rg1 Qd6 36. Rg3 Re5 37. h3 Rf5 38. Qc8+ Kh7 39. Rg4 Rh5 40.
Rf4 Qe6 41. Qxe6 fxe6 42. Rf7+ Kh6 43. Rxa7 Rxh3+ 44. Kg1 Rh5 45. Re7 Rg5+ 46.
Kf1 Re5 47. Rf7 b5 48. Rxf3 b4 49. Ke2 b3 50. Kd2 b2 51. Kc2 Rb5 52. Kb1 Kg5
53. Rg3+ Kf6 54. Rg4 e5 55. Rg3 g5 56. Rf3+ Kg6 57. Rh3 e4 58. Rh8 Kf5 59. Re8
Kg4 60. Re7 Kf3 61. Rf7+ Ke2 62. Rf8 g4 63. Rf4 g3 64. fxg3 Kxe3 65. Rf8 Ke2
66. g4 e3 67. g5 Rxg5 68. Kxb2 Rc5 69. Rf7 Kd2 70. Rd7+ Ke1 71. Re7 e2 72. Re8
Kd2 0-1

[Event "NAYCC U16"]
[Site "Kingston CAN"]
[Date "2019.08.18"]
[Round "5.155"]
[White "Yang, Kevin"]
[Black "Chen, Benjamin"]
[Result "1-0"]
[WhiteElo "2164"]
[BlackElo "1972"]
[PlyCount "35"]
[EventDate "2019.08.16"]
[EventType "swiss"]
[EventRounds "9"]
[EventCountry "CAN"]

1. Nf3 d5 2. g3 e6 3. Bg2 Nf6 4. O-O c5 5. c4 dxc4 6. Na3 Nc6 7. Nxc4 Qc7 8. d4
cxd4 9. Bf4 Qd8 10. Nfe5 Bd7 11. Qb3 Bc5 12. Qxb7 Nxe5 13. Bxe5 Rc8 14. Bd6 h5
15. Rac1 Bb6 16. Nxb6 Rxc1 17. Rxc1 axb6 18. Bc6 1-0

[Event "NAYCC U16"]
[Site "Kingston CAN"]
[Date "2019.08.18"]
[Round "5.156"]
[White "Surya, Benito"]
[Black "Idnani, Roshan"]
[Result "1-0"]
[WhiteElo "1920"]
[BlackElo "2034"]
[PlyCount "53"]
[EventDate "2019.08.16"]
[EventType "swiss"]
[EventRounds "9"]
[EventCountry "CAN"]

1. e4 c5 2. Nf3 d6 3. d4 cxd4 4. Nxd4 Nf6 5. Nc3 a6 6. Bc4 e6 7. Bb3 b5 8. Qf3
Bb7 9. O-O b4 10. Nd5 exd5 11. exd5 Qc7 12. Re1+ Kd8 13. Bg5 Nbd7 14. Nc6+ Kc8
15. Qf5 Bxc6 16. dxc6 Qxc6 17. Bxf6 gxf6 18. Bd5 Qc5 19. Re8+ Kc7 20. Rxa8 Bg7
21. Rxh8 Bxh8 22. Be4 Qe5 23. Qxh7 Qxb2 24. Rd1 f5 25. Bxf5 Qf6 26. Bxd7 Kxd7
27. Qh3+ 1-0

[Event "NAYCC U16"]
[Site "Kingston CAN"]
[Date "2019.08.18"]
[Round "5.157"]
[White "Wang, Henry"]
[Black "Yang, Fan"]
[Result "1-0"]
[WhiteElo "2001"]
[BlackElo "2012"]
[PlyCount "53"]
[EventDate "2019.08.16"]
[EventType "swiss"]
[EventRounds "9"]
[EventCountry "CAN"]

1. c4 e5 2. g3 Nf6 3. Bg2 d5 4. cxd5 Nxd5 5. Nc3 Nb6 6. Nf3 Nc6 7. O-O Be7 8.
Rb1 O-O 9. b4 Bf5 10. b5 Nd4 11. d3 Nxf3+ 12. Bxf3 c6 13. bxc6 bxc6 14. Na4 e4
15. Bxe4 Bxe4 16. Nxb6 axb6 17. dxe4 Rxa2 18. Qb3 Qa8 19. Qxb6 Rxe2 20. Be3 c5
21. Qb7 Bd6 22. Rfd1 Be5 23. Bxc5 Rc8 24. Be3 Re8 25. Rd7 Qa3 26. Qd5 Qa2 27.
Rd8 1-0

[Event "NAYCC U16"]
[Site "Kingston CAN"]
[Date "2019.08.18"]
[Round "5.158"]
[White "Zhao, Ian"]
[Black "Tinica, Gabriel"]
[Result "1-0"]
[WhiteElo "2210"]
[BlackElo "1776"]
[PlyCount "97"]
[EventDate "2019.08.16"]
[EventType "swiss"]
[EventRounds "9"]
[EventCountry "CAN"]

1. e4 c5 2. Nf3 Nc6 3. d4 cxd4 4. Nxd4 g6 5. c4 Bg7 6. Be3 Nf6 7. Nc3 d6 8. Be2
O-O 9. O-O Bd7 10. Nc2 Rc8 11. Qd2 Ne5 12. b3 Bc6 13. f3 a5 14. Rac1 h5 15.
Rfd1 b6 16. Nd4 Ned7 17. Ncb5 Bxb5 18. cxb5 Nc5 19. Nc6 Qc7 20. Bg5 Rfe8 21.
Bc4 Qb7 22. Qf4 Rxc6 23. bxc6 Qxc6 24. Qd2 b5 25. Bf1 b4 26. Bc4 Qb6 27. Be3
Nfd7 28. Qf2 Qb8 29. Kh1 Rc8 30. Bf4 Be5 31. Qg3 Kg7 32. Qg5 Bxf4 33. Qxf4 Rf8
34. Qe3 Ne5 35. Rd5 Nxc4 36. Rxc4 f6 37. h3 Rd8 38. f4 Re8 39. Qg3 Qb7 40. Qf3
Rf8 41. Rd1 Qb8 42. Qe3 e5 43. f5 g5 44. Rd5 Kf7 45. Qd2 Qa8 46. Rxd6 Nxe4 47.
Rd7+ Kg8 48. Qe3 Nc3 49. Rcc7 1-0

[Event "NAYCC U16"]
[Site "Kingston CAN"]
[Date "2019.08.18"]
[Round "5.159"]
[White "Ramesh, Sanjay"]
[Black "Shlyakhtenko, Robert"]
[Result "0-1"]
[WhiteElo "1531"]
[BlackElo "2196"]
[PlyCount "50"]
[EventDate "2019.08.16"]
[EventType "swiss"]
[EventRounds "9"]
[EventCountry "CAN"]

1. d4 Nf6 2. c4 c5 3. d5 e5 4. Nc3 d6 5. e4 Be7 6. Nge2 h5 7. Bd2 h4 8. h3 Nbd7
9. f4 exf4 10. Bxf4 Nh5 11. Bh2 Qb6 12. Qb3 Qc7 13. O-O-O a6 14. g4 hxg3 15.
Nxg3 Nxg3 16. Bxg3 Bf6 17. Be2 Ne5 18. Rdf1 Bd7 19. Na4 b5 20. cxb5 axb5 21.
Bxb5 c4 22. Bxd7+ Qxd7 23. Nb6 cxb3 24. Nxd7 Kxd7 25. axb3 Ke7 0-1

[Event "NAYCC U16"]
[Site "Kingston CAN"]
[Date "2019.08.18"]
[Round "5.160"]
[White "Wei, Daniel"]
[Black "Chen, Alex"]
[Result "0-1"]
[WhiteElo "1788"]
[BlackElo "1796"]
[PlyCount "68"]
[EventDate "2019.08.16"]
[EventType "swiss"]
[EventRounds "9"]
[EventCountry "CAN"]

1. e4 c5 2. Nf3 Nc6 3. c3 Nf6 4. e5 Nd5 5. d4 cxd4 6. cxd4 g6 7. Nc3 Nxc3 8.
bxc3 Bg7 9. Bd3 O-O 10. O-O d6 11. exd6 Qxd6 12. Qb3 Qc7 13. Re1 Rd8 14. Bg5
Re8 15. Rac1 b6 16. Bb5 Bd7 17. Bh4 a6 18. Bxc6 Bxc6 19. d5 Bb7 20. Ng5 Qf4 21.
g3 Qf5 22. c4 h6 23. Ne4 g5 24. g4 Qxg4+ 25. Bg3 f5 26. f3 Qh5 27. Qxb6 fxe4
28. Qxb7 Bd4+ 29. Bf2 Bxf2+ 30. Kxf2 Qxh2+ 31. Ke3 Qf4+ 32. Kd4 e5+ 33. Kc3
Qxf3+ 34. Kd2 Qd3# 0-1

[Event "NAYCC U16"]
[Site "Kingston CAN"]
[Date "2019.08.18"]
[Round "5.161"]
[White "Liang, Dustin"]
[Black "Xiao, Edward"]
[Result "1-0"]
[WhiteElo "1885"]
[BlackElo "1831"]
[PlyCount "81"]
[EventDate "2019.08.16"]
[EventType "swiss"]
[EventRounds "9"]
[EventCountry "CAN"]

1. e4 c5 2. Nf3 d6 3. d4 cxd4 4. Nxd4 Nf6 5. Nc3 a6 6. Bg5 e6 7. f4 Nbd7 8. Qf3
Be7 9. g4 Qc7 10. O-O-O b5 11. Bxf6 gxf6 12. Bd3 Rb8 13. f5 Ne5 14. Qh3 b4 15.
Nce2 Nxd3+ 16. Qxd3 e5 17. Nf3 a5 18. Kb1 Qc6 19. Ng3 Ba6 20. Qd5 Qxd5 21. Rxd5
Rb5 22. Rhd1 Rc5 23. Ne1 Bb7 24. Rxc5 dxc5 25. Ng2 O-O 26. Ne3 Rd8 27. Kc1 Rd4
28. c3 Rxd1+ 29. Kxd1 Bd8 30. c4 Kf8 31. Ke2 Kg7 32. Kd3 Kf8 33. Nd5 Bxd5 34.
cxd5 Ke7 35. Kc4 Kd6 36. Kb5 Bc7 37. Nf1 c4 38. Kxc4 Bb6 39. Kb5 Bd4 40. b3 Bc3
41. Ne3 1-0

[Event "NAYCC U16"]
[Site "Kingston CAN"]
[Date "2019.08.18"]
[Round "5.162"]
[White "Ju, Lawrence"]
[Black "Vasic, Maxim"]
[Result "0-1"]
[WhiteElo "1764"]
[BlackElo "1862"]
[PlyCount "44"]
[EventDate "2019.08.16"]
[EventType "swiss"]
[EventRounds "9"]
[EventCountry "CAN"]

1. d4 d5 2. c4 c6 3. Nc3 Nf6 4. Nf3 e6 5. Bg5 dxc4 6. a4 Bb4 7. Qc2 Qa5 8. Bxf6
gxf6 9. e4 b5 10. Be2 Bb7 11. O-O Qb6 12. Rfd1 O-O 13. d5 Bc5 14. dxc6 Nxc6 15.
Nxb5 Nb4 16. Qxc4 Rac8 17. Kf1 a6 18. e5 axb5 19. Qg4+ Kh8 20. exf6 Rg8 21. Qh5
Bxf2 22. Qxf7 Bg1 0-1

[Event "NAYCC U16"]
[Site "Kingston CAN"]
[Date "2019.08.18"]
[Round "5.163"]
[White "Chin, Jonathan"]
[Black "Du, Daniel"]
[Result "1/2-1/2"]
[WhiteElo "1921"]
[BlackElo "1696"]
[PlyCount "131"]
[EventDate "2019.08.16"]
[EventType "swiss"]
[EventRounds "9"]
[EventCountry "CAN"]

1. e4 e6 2. d4 d5 3. Nd2 Nf6 4. e5 Nfd7 5. f4 c5 6. c3 Nc6 7. Ngf3 Be7 8. Be2
Qb6 9. Nb3 cxd4 10. cxd4 O-O 11. O-O a5 12. a4 f6 13. Kh1 Ndb8 14. Bd2 Bd7 15.
Rc1 Na6 16. Bb5 Nab4 17. Bxb4 Bxb4 18. Qd3 Be8 19. exf6 Bg6 20. Qe3 Rxf6 21.
Bxc6 bxc6 22. Ne5 Be8 23. Nc5 Bxc5 24. Rxc5 Qxb2 25. Nxc6 Bxc6 26. Rxc6 Re8 27.
Rfc1 Qb4 28. h3 Qxa4 29. Qe5 Rf5 30. Qe3 Rf6 31. Qe5 h6 32. Rc8 Rxc8 33. Rxc8+
Kh7 34. Kh2 Qa2 35. f5 exf5 36. Qe8 Qb3 37. Qg8+ Kg6 38. Rc7 f4 39. Qxg7+ Kf5
40. Qg4+ Ke4 41. Qe2+ Kxd4 42. Qf2+ Ke5 43. Qe2+ Qe3 44. Qb2+ d4 45. Qb5+ Ke6
46. Qe8+ Kd5 47. Qg8+ Re6 48. Qa8+ Ke5 49. Rc5+ Kd6 50. Rd5+ Ke7 51. Qd8+ Kf7
52. Rd7+ Re7 53. Rxe7+ Qxe7 54. Qxd4 Qc7 55. Qd5+ Ke7 56. Qe4+ Kd6 57. Qa4 Kd5
58. Qb5+ Ke4 59. Qa4+ Kd3 60. Qb3+ Kd4 61. Qd1+ Kc5 62. Qc1+ Kb6 63. Qb2+ Ka6
64. Qe2+ Ka7 65. Qf2+ Qb6 66. Qc2 1/2-1/2

[Event "NAYCC U16"]
[Site "Kingston CAN"]
[Date "2019.08.18"]
[Round "5.164"]
[White "Maycock Bates, David Henry"]
[Black "Yang, Brian"]
[Result "1-0"]
[WhiteElo "1851"]
[BlackElo "1626"]
[PlyCount "41"]
[EventDate "2019.08.16"]
[EventType "swiss"]
[EventRounds "9"]
[EventCountry "CAN"]

1. e4 c5 2. Nf3 e6 3. d4 cxd4 4. Nxd4 a6 5. Be3 Nf6 6. Bd3 Qc7 7. O-O Bc5 8. c3
d5 9. Nd2 Nbd7 10. Bc2 b6 11. exd5 Nxd5 12. Ne4 Nxe3 13. fxe3 O-O 14. Qh5 h6
15. Rf2 Ne5 16. Raf1 f5 17. Nxc5 bxc5 18. Ne2 Bb7 19. Nf4 Rae8 20. h3 Rf6 21.
Qxe8+ 1-0

[Event "NAYCC U16"]
[Site "Kingston CAN"]
[Date "2019.08.18"]
[Round "5.165"]
[White "Parsheh, Arshia"]
[Black "Ahmed, Syed Ibrahim"]
[Result "0-1"]
[WhiteElo "1608"]
[BlackElo "1815"]
[PlyCount "134"]
[EventDate "2019.08.16"]
[EventType "swiss"]
[EventRounds "9"]
[EventCountry "CAN"]

1. d4 d5 2. c4 dxc4 3. Nf3 Nf6 4. Nc3 Bg4 5. Bg5 e6 6. e3 Nbd7 7. Bxc4 Bb4 8.
O-O O-O 9. Be2 c5 10. a3 Bxc3 11. bxc3 Qa5 12. Bxf6 Nxf6 13. Ne5 Bxe2 14. Qxe2
Rac8 15. Qb2 b6 16. Rfc1 Rc7 17. a4 Ne4 18. Qb5 Rfc8 19. Qxa5 bxa5 20. Nd3 Kf8
21. f3 c4 22. Ne5 Nd2 23. Rc2 Nb3 24. Rb1 f6 25. Nxc4 Nxd4 26. cxd4 Rxc4 27.
Rxc4 Rxc4 28. Rb7 Rxa4 29. Rxa7 Ra2 30. h3 a4 31. Kh2 a3 32. Kg3 h6 33. e4 Ra1
34. d5 exd5 35. exd5 a2 36. d6 h5 37. Ra8+ Kf7 38. d7 Rd1 39. d8=Q Rxd8 40.
Rxa2 g5 41. Kf2 Rd4 42. g4 h4 43. Re2 Kg6 44. Re1 Rd6 45. Re2 f5 46. Re1 Kf6
47. Re2 Rd3 48. Re3 Rxe3 49. Kxe3 fxg4 50. fxg4 Ke5 51. Kf3 Kd4 52. Ke2 Ke4 53.
Kf2 Kf4 54. Kg2 Ke3 55. Kg1 Kf3 56. Kh2 Kf2 57. Kh1 Kg3 58. Kg1 Kxh3 59. Kh1
Kxg4 60. Kg2 h3+ 61. Kh2 Kh4 62. Kg1 g4 63. Kh2 g3+ 64. Kg1 Kg4 65. Kh1 Kf3 66.
Kg1 g2 67. Kh2 Kf2 0-1

[Event "NAYCC U16"]
[Site "Kingston CAN"]
[Date "2019.08.18"]
[Round "5.166"]
[White "Chen, Andrew"]
[Black "Wang, Elon"]
[Result "1-0"]
[WhiteElo "1796"]
[BlackElo "1601"]
[PlyCount "109"]
[EventDate "2019.08.16"]
[EventType "swiss"]
[EventRounds "9"]
[EventCountry "CAN"]

1. e4 d6 2. Nc3 e5 3. g3 Nf6 4. Bg2 Be7 5. Nge2 O-O 6. O-O c5 7. d3 Bd7 8. h3
b5 9. f4 b4 10. Nd5 Nc6 11. Nxf6+ Bxf6 12. f5 Nd4 13. g4 Nxe2+ 14. Qxe2 Qe7 15.
Be3 Rab8 16. Bf3 Rfc8 17. Kg2 a5 18. Rh1 Bh4 19. Bf2 a4 20. Qe1 Bxf2 21. Qxf2
c4 22. h4 cxd3 23. cxd3 b3 24. Bd1 d5 25. axb3 dxe4 26. dxe4 axb3 27. Ra3 Bc6
28. Re1 Qb4 29. Qe3 Rd8 30. Rxb3 Qd2+ 31. Kf1 Qxe3 32. Rbxe3 Rxb2 33. Be2 Rdd2
34. Rc1 Bb7 35. Kf2 Ba6 36. Ra1 Ra2 37. Rxa2 Rxa2 38. Kf3 Bxe2+ 39. Rxe2 Rxe2
40. Kxe2 Kf8 41. Kd3 Ke7 42. Kc4 Kd6 43. Kb5 f6 44. Kb6 g5 45. fxg6 hxg6 46. h5
gxh5 47. gxh5 Ke7 48. Kc5 Kf7 49. Kd5 Kg7 50. Ke6 Kh6 51. Kxf6 Kxh5 52. Kxe5
Kg6 53. Ke6 Kg7 54. e5 Kf8 55. Kd7 1-0

[Event "NAYCC U16"]
[Site "Kingston CAN"]
[Date "2019.08.18"]
[Round "5.167"]
[White "Wang, Alex"]
[Black "Lam, Eric"]
[Result "1/2-1/2"]
[WhiteElo "770"]
[BlackElo "1093"]
[PlyCount "110"]
[EventDate "2019.08.16"]
[EventType "swiss"]
[EventRounds "9"]
[EventCountry "CAN"]

1. e4 c5 2. Nf3 d6 3. d4 cxd4 4. Nxd4 Nf6 5. Nc3 Nc6 6. Be3 Ng4 7. Bc1 Qb6 8.
Bb5 e5 9. Nd5 Qxd4 10. Qxd4 exd4 11. Nc7+ Kd8 12. Nxa8 Nb4 13. Bd3 Ne5 14. h3
Nexd3+ 15. cxd3 Nc2+ 16. Ke2 Nxa1 17. Bd2 b6 18. Rc1 Bb7 19. Nc7 a6 20. Nd5 b5
21. Ba5+ Ke8 22. Rxa1 Bxd5 23. exd5 Be7 24. Rc1 Bd8 25. Bb4 Kd7 26. Rc6 Re8+
27. Kf3 a5 28. Bxd6 Re1 29. Bf4 b4 30. Rc1 Rxc1 31. Bxc1 Kd6 32. Ke4 g6 33.
Kxd4 Bb6+ 34. Kc4 Bxf2 35. Bf4+ Kd7 36. Kb5 b3 37. axb3 Be1 38. Kb6 h5 39. g3
f6 40. h4 g5 41. hxg5 fxg5 42. Bxg5 Bxg3 43. Kxa5 h4 44. Bxh4 Bxh4 45. b4 Bf6
46. b3 Bc3 47. Kb5 Kd6 48. Kc4 Be1 49. b5 Ba5 50. Kd4 Bb6+ 51. Kc4 Bc7 52. b4
Bb6 53. d4 Kd7 54. Kd3 Kd6 55. Ke4 Ba7 1/2-1/2

[Event "NAYCC U16"]
[Site "Kingston CAN"]
[Date "2019.08.18"]
[Round "5.168"]
[White "Liao, Joseph"]
[Black "Vigil, Enrique"]
[Result "1-0"]
[WhiteElo "1694"]
[BlackElo "1003"]
[PlyCount "101"]
[EventDate "2019.08.16"]
[EventType "swiss"]
[EventRounds "9"]
[EventCountry "CAN"]

1. e4 c5 2. d4 b6 3. d5 d6 4. Nf3 g6 5. Bb5+ Bd7 6. Nc3 Bxb5 7. Nxb5 a6 8. Nc3
Bg7 9. O-O Qd7 10. a4 e6 11. Qe2 e5 12. Be3 Ne7 13. Rad1 O-O 14. Nd2 b5 15.
axb5 axb5 16. Qxb5 Qxb5 17. Nxb5 Ra2 18. Nc4 Nc8 19. Ra1 Rxa1 20. Rxa1 Nd7 21.
Nbxd6 Nxd6 22. Nxd6 f5 23. Ra7 Nb6 24. Bxc5 Nc8 25. Ra6 Nxd6 26. Bxd6 Rc8 27.
Rc6 Ra8 28. g3 fxe4 29. Bc7 Ra1+ 30. Kg2 Rd1 31. c4 Rd2 32. Bb6 Kf7 33. b4 h5
34. Be3 Rd4 35. Bxd4 exd4 36. Rc7+ Kf6 37. Rxg7 Kxg7 38. Kf1 Kf7 39. b5 Ke7 40.
b6 Kd7 41. c5 Kc8 42. c6 Kb8 43. d6 Kc8 44. b7+ Kb8 45. d7 Kc7 46. b8=Q+ Kxb8
47. d8=Q+ Ka7 48. Qxd4+ Kb8 49. Qb6+ Kc8 50. Qb7+ Kd8 51. Qd7# 1-0

[Event "NAYCC U16"]
[Site "Kingston CAN"]
[Date "2019.08.18"]
[Round "5.169"]
[White "Kochetkov, Maxim"]
[Black "Ning, Alwin"]
[Result "0-1"]
[WhiteElo "1416"]
[BlackElo "1476"]
[PlyCount "85"]
[EventDate "2019.08.16"]
[EventType "swiss"]
[EventRounds "9"]
[EventCountry "CAN"]

1. d4 d5 2. Nf3 Nf6 3. Bf4 e6 4. e3 Be7 5. Bd3 O-O 6. Nbd2 c5 7. c3 b6 8. Ne5
Bb7 9. Qf3 Re8 10. Qh3 Bf8 11. Ndf3 h6 12. g4 g5 13. Bg3 Bg7 14. Qg2 Ne4 15. h4
f6 16. Ng6 Kf7 17. h5 cxd4 18. Nxd4 Nxg3 19. Qxg3 Nc6 20. Rf1 Nxd4 21. exd4 e5
22. dxe5 fxe5 23. O-O-O Kg8 24. Rfe1 Qf6 25. Bb5 Bc6 26. Bxc6 Qxc6 27. Nxe5 Qa4
28. a3 Rac8 29. Nf3 d4 30. Rxe8+ Rxe8 31. Nxd4 Bxd4 32. cxd4 Rc8+ 33. Kd2 Qc2+
34. Ke1 Re8+ 35. Qe3 Rxe3+ 36. fxe3 Qxb2 37. d5 Kf7 38. d6 Ke8 39. e4 Qxa3 40.
Rd2 Qe3+ 41. Re2 Qg3+ 42. Kd1 Qxd6+ 43. Ke1 0-1

[Event "NAYCC U16"]
[Site "Kingston CAN"]
[Date "2019.08.18"]
[Round "5.170"]
[White "Bilodeau-Savaria, Carl-William"]
[Black "Mart, Aidan"]
[Result "1/2-1/2"]
[WhiteElo "1447"]
[BlackElo "1247"]
[PlyCount "62"]
[EventDate "2019.08.16"]
[EventType "swiss"]
[EventRounds "9"]
[EventCountry "CAN"]

1. d4 d5 2. c4 dxc4 3. Nc3 Bf5 4. e4 Bg6 5. Bxc4 e6 6. a3 Nf6 7. f3 Be7 8. Nge2
O-O 9. O-O Nbd7 10. e5 Nd5 11. Nxd5 exd5 12. Bxd5 c6 13. Bb3 c5 14. e6 fxe6 15.
Bxe6+ Kh8 16. d5 Bf7 17. Bd2 Bxe6 18. dxe6 Nf6 19. Bc3 Qd6 20. Qxd6 Bxd6 21.
Rad1 Rad8 22. Be5 Be7 23. Nc3 Rfe8 24. Bxf6 Bxf6 25. Rfe1 h6 26. Rxd8 Rxd8 27.
e7 Re8 28. Nd5 Kg8 29. Nxf6+ gxf6 30. Rd1 b6 31. Re1 Kf7 1/2-1/2

[Event "NAYCC U16"]
[Site "Kingston CAN"]
[Date "2019.08.18"]
[Round "5.171"]
[White "Cao, Bruce"]
[Black "Jeyakumar, Yathushan"]
[Result "1/2-1/2"]
[WhiteElo "1359"]
[BlackElo "1442"]
[PlyCount "57"]
[EventDate "2019.08.16"]
[EventType "swiss"]
[EventRounds "9"]
[EventCountry "CAN"]

1. e4 c5 2. Nf3 e6 3. d4 cxd4 4. Nxd4 Nf6 5. Nc3 a6 6. Bc4 Qc7 7. Bb3 Bb4 8.
Qd3 b5 9. Bd2 Bb7 10. f3 Nc6 11. O-O-O Ne5 12. Qe2 Rc8 13. Ncxb5 Bxd2+ 14. Rxd2
axb5 15. Nxb5 Qb6 16. Nd6+ Ke7 17. Nxc8+ Rxc8 18. Kb1 Ba6 19. Qf2 Qc7 20. Rhd1
Bb5 21. g4 h6 22. h4 Nexg4 23. Qd4 Ne5 24. Qb4+ Qc5 25. Rd4 Nxf3 26. Qxc5+ Rxc5
27. Rb4 Nxh4 28. e5 Rxe5 29. Rxh4 1/2-1/2